[Event "Thessaloniki FIDE GP"]
[Site "Thessaloniki"]
[Date "2013.06.01"]
[Round "9"]
[White "Morozevich, Alexander"]
[Black "Topalov, Veselin"]
[Result "0-1"]
[WhiteElo "2760"]
[BlackElo "2793"]
[Annotator "Sumets,A"]
[PlyCount "88"]
[EventDate "2013.05.22"]
[EventType "tourn"]
[EventRounds "11"]
[EventCountry "GRE"]
[EventCategory "21"]
[SourceTitle "CBM 155"]
[Source "ChessBase"]
[SourceDate "2013.07.16"]
[SourceVersion "1"]
[SourceVersionDate "2013.07.16"]
[SourceQuality "1"]

1. e4 c6 2. d4 d5 3. e5 Bf5 4. Nf3 e6 5. Be2 Ne7 6. c3 Nd7 7. O-O c5 8. Nh4 {
The most principled option. Also White can play 8.Be3 and 8.dxc5!?} (8. Be3 Nc6
9. Nbd2 cxd4 10. cxd4 Be7 11. a3 O-O 12. b4 Nb6 (12... a6 $6 13. Rc1 a5 14. b5
Na7 15. a4 Rc8 16. Qb3 b6 17. Qb2 $14 {Cheparinov,I-Bulmaga,I Golden Sands BUL
2012 1-0 (40)}) 13. Rc1 Rc8 14. Nb3 Nc4 15. Bxc4 dxc4 16. Rxc4 Qd5 17. Rc1 b6
$44 {Short,N-Adams,M/Garmisch Partenkirchen 1994 1/2-1/2 (30)}) (8. dxc5 $5
Nxc5 9. Nd4 Bg6 10. h4 $5 $146 h6 11. h5 Bh7 12. Bb5+ Nd7 13. Re1 Nf5 14. Bd3
Nxd4 15. cxd4 Bxd3 16. Qxd3 Qh4 17. Nc3 a6 (17... Qxh5 $2 18. Nb5 Rc8 19. Nxa7
Ra8 20. Nb5 Rc8 21. Bd2 Be7 22. Rac1 O-O 23. Nd6 $14) 18. Qd1 Rc8 19. g3 Qh3
20. g4 Bb4 21. Re3 Qh4 22. Kg2 f5 (22... Rc4 $5 23. Rh3 Qe7) 23. gxf5 Bxc3 24.
bxc3 Rf8 25. Qe2 Rxf5 26. Rh3 Qe4+ 27. Qxe4 dxe4 28. Rb1 b6 29. Bd2 Rd8 30. Be3
Rc8 31. Bd2 Rd8 32. Be3 Rc8 33. Bd2 Rd8 {1/2-1/2 Zhigalko,S-Mamedyarov,S/Loo
RUS 2013}) 8... Be4 (8... Bg6 $6 {A slightly passive move. In my opinion, the
possible consequences aren't very cheerful. White trades his knight for
Black's bishop and gradually prepares an attack on the kingside. Black has no
counterplay} 9. Nd2 cxd4 10. cxd4 Nc6 11. Nxg6 hxg6 12. Nf3 Be7 13. Be3 Nb6 14.
b3 O-O 15. g3 a5 16. a4 Rc8 17. Rc1 Rc7 18. h4 Qb8 19. Ng5 Nb4 20. h5 $14 {
Amonatov,F-Malakhatko,V St Petersburg 2009 1-0 (38)}) 9. Nd2 Nc6 10. g3 (10.
Nxe4 dxe4 ({Black has to be careful, otherwise he will be the co-author of a
chess miniature.} 10... Qxh4 $4 11. Bg5 Qxe4 12. Bd3 $18) 11. g3 Qb6 12. Be3 {
The main continuation. White also can try 12.d5 and 12.dxc5.} (12. d5 $5 {
an interesting attempt.} Ncxe5 $8 13. Bf4 O-O-O 14. dxe6 Qxe6 $6 {as we will
see, Black could have faced big troubles. So he should look for some
improvement.} (14... fxe6 $5 15. Qa4 Nf7 16. Ng2 g5 17. Be3 Nf6 $132) 15. Qa4
f5 16. Qxa7 Be7 17. Bb5 Nb8 18. f3 $2 (18. Ng2 $1 Nf3+ 19. Kh1 Bd6 20. Rfd1 $16
) 18... g5 $1 {Black could be happy with his position} 19. Bc4 Qf6 20. Bxe5
Qxe5 21. f4 gxf4 22. Rxf4 Bxh4 23. Rxh4 Nc6 $17 {Liu Qingnan-Pantsulaia,L
Qinhuangdao CHN 2011 0-1 (39)}) (12. dxc5 Qxc5 (12... Bxc5 13. Qc2 Ncxe5 14.
Qxe4 O-O $14) 13. Qa4 Qxe5 14. Bb5 Qd5 $6 {A dubious move. I think Black
should have chosen between 14 ...Be7 and 14....Rc8} (14... Rc8 15. Bf4 Qc5 16.
Rfe1 a6 17. Bxc6 Qxc6 18. Qxc6 Rxc6 19. Rxe4 Be7 20. Nf3 $11) (14... Be7 $5 15.
Bxc6 bxc6 16. Qxc6 Qd5 $8 17. Qxd5 exd5 18. Nf5 g6 19. Ne3 Nb6 $11) 15. Rd1 Nb6
16. c4 $1 (16. Rxd5 Nxa4 17. Rd4 Nc5 18. b4 Nd7 19. Rxe4 Be7 20. Nf3 O-O) 16...
Qc5 17. Qc2 f5 18. Be3 Qe5 19. a4 $44 {1/2-1/2 Van Kampen,R-Lenderman, A
Hoogeveen NED 2011 (86). White has a very strong attack.}) 12... Rd8 13. Qa4
Be7 14. Rab1 Bxh4 $1 {It seems to me that this is the strongest continuation} (
14... cxd4 15. cxd4 Qb4 16. Qxb4 Nxb4 17. Ng2 O-O 18. Rfc1 Nd5 19. Nf4 N7b6 20.
Bf1 Rd7 21. Nxd5 (21. Bg2 Nxf4 22. Bxf4 f5 23. exf6 Bxf6 24. Bxe4 Bxd4 $132)
21... Nxd5 22. Bg2 f5 23. exf6 Nxf6 24. Rc4 $14 {Inarkiev,E-Ovetchkin,R
Novokuznetsk 2008 1/2-1/2 (43). Due to the pair of bishops and Black's doubled
pawns White has much better chances.}) 15. gxh4 cxd4 16. cxd4 Qb4 17. Bb5 (17.
Qxb4 $5 Nxb4 18. Rbc1 Nd5 19. Bd2 f5 20. exf6 gxf6 $132) 17... Qxa4 18. Bxa4
Nb6 19. Bc2 Nxd4 20. Bxe4 Nc4 21. Rbd1 {1/2-1/2 Karjakin,S-Motylev,A/Wijk aan
Zee 2007}) 10... Be7 11. f3 $146 {As far as I know, this option is considered
as a harmless one. Morozevich employs a novelty, which doesn't change the
general assessment of the line.} (11. Nxe4 dxe4 12. Ng2 Qb6 13. dxc5 Nxc5 14.
b4 Nd3 15. Bxd3 exd3 16. Qxd3 (16. Be3 Qa6 17. a4 Nxe5 18. Bd4 Bf6 19. Re1 Qd6
20. f4 Nc4 21. Qxd3 Rc8 $11) 16... Nxe5 17. Qe4 Bf6 18. Be3 Qc6 19. Qxc6+ Nxc6
20. Rac1 O-O $11 {Socko, B-Drozdovskij,Y Tromso NOR 2010 1/2-1/2 (67)}) 11...
Bg6 12. Nxg6 hxg6 13. Nb3 $8 cxd4 $5 {Black could try 13...g5.} (13... g5 $5 {
After this move the game sharpens} 14. f4 {sooner or later White has to play f4
} (14. Kg2 $5 Rc8 15. f4 gxf4 16. Bxf4 cxd4 17. cxd4 Nb6 $132) 14... gxf4 15.
Rxf4 (15. Bxf4 $2 Qb6 16. Qd2 cxd4 17. cxd4 Ndxe5 $17) 15... Rc8 16. Kg2 Qb6
$13) 14. cxd4 Nb6 $1 {Black has good counterplay.} 15. f4 (15. Be3 Nc4 16. Bxc4
dxc4 17. Nd2 b5) 15... Nc4 {Perhaps preparing long castling was part of
Topalov's plan so he didn't want to play 15...Rc8. It seems to me that after
15...Rc8 Black has good counterplay as well.} (15... Rc8 16. Kg2 Nc4 17. Rf3 a5
18. a4 Qb6 {It is difficult to suggest a good plan for White.}) 16. Kg2 Qb6 17.
Rf3 O-O-O 18. Be3 {It is hard to believe that White can claim an advantage
after trading his dark-squared bishop. Otherwise White wouldn't be able to
complete his development.} (18. Rc3 Kb8 19. Bxc4 $6 (19. a3 f6) 19... dxc4 20.
Rxc4 Qb5 21. Rc3 Nxd4 22. Nxd4 Rxd4 23. Qf3 (23. Qxd4 $2 Qe2+ 24. Qf2 Rxh2+ 25.
Kxh2 Qxf2+ 26. Kh3 Qg1 $19) 23... Rhd8 24. Rb3 Rb4 $17) 18... Nxe3+ (18... Nxb2
$2 {Of course, to take this pawn means to commit suicide.} 19. Qc2 Nc4 (19...
Na4 20. Rb1 Qc7 21. Bd2 $16) 20. Bxc4 dxc4 21. d5 cxb3 22. axb3 Qc7 23. dxc6 b6
24. Qc4 Kb8 25. b4 {White's attack will be decisive soon.}) 19. Rxe3 Kb8 20. a4
a6 {I think that is a small inaccuracy} (20... Bb4 $1 {I would recommend this
move. As more as I'm concerned, Black's position is better after 20...Bb4:} 21.
Rc1 (21. a5 $6 Bxa5 22. Nc5 Bb4 23. Rb3 a5 $17) 21... Rc8 22. Rc2 Rc7 $15) (
20... Na5 21. Nxa5 Qxa5 22. b4 Bxb4 23. Rb3 Rd7 24. Rab1 Be7 25. Rb5 Qc3 26.
Rc1 Qe3 27. Rb3 Qe4+ 28. Bf3 Qf5 29. h4 Rc8 30. Rxc8+ Kxc8 31. Bg4 Qe4+ 32. Bf3
Qf5 $11) 21. a5 Qb4 22. Rd3 Rc8 23. Nd2 $2 {White loses a pawn without any
compensation.} ({White should have played} 23. Nc5 $1 {even though Black would
have sufficient compensation for the queen.} Bxc5 (23... Nxa5 $5 24. Ra4 Bxc5
25. Rxb4 Bxb4) 24. Ra4 Rc7 25. Rxb4 Bxb4 26. Qb3 Bxa5 27. Rd1 Ka7 28. h4 Bb6
29. Qa4 $13) (23. h4 $5 Rc7 24. Nc5 Bxc5 25. Ra4 Rhc8 26. Rxb4 Bxb4 $13) 23...
Nxa5 $17 24. Nf3 (24. Rda3 $2 Qxd4 $1 25. Rxa5 Rxh2+ 26. Kxh2 Qf2+ 27. Kh3 Rh8+
28. Kg4 Rh4+ 29. gxh4 Qg2#) 24... Qb6 25. Qa4 Bb4 26. h4 Rc7 27. Rh1 {White
has no plan. He should look for some tactical chances.} Rhc8 28. Bd1 Be7 29. b3
Rh8 30. Ng5 Bd8 31. Rf1 Nc6 32. Bg4 Nb4 33. Rd2 Ka7 34. Rff2 Nc6 {It gives a
chance to complicate the game.} (34... Bxg5 35. fxg5 Rhc8 36. Bd1 $17 {Black
still has an advantage but at least White has some counterplay, which is
connected with the pressure on the f7-pawn and the ability to create a passed
pawn after g4, h5, h6.}) 35. Nxf7 $6 {Morozevich has waited for his chance to
sharpen the game and he has taken it.} ({Perhaps Morozevich would have a
better chance of a positive result, if he waited with} 35. Rf3) ({or} 35. Rf1)
35... Rxf7 36. Bxe6 Rc7 37. Bxd5 Ne7 38. Be4 Nf5 39. Bxf5 (39. Rd3 Qe6 $1 (
39... Bxh4 $5 40. gxh4 Nxh4+ 41. Kf1 Rc1+ 42. Ke2 Nf5 43. Bxf5 gxf5 $40) 40. d5
Nxh4+ 41. gxh4 Qg4+ 42. Rg3 Qxh4 43. Qd4+ Ka8 44. Kf3 Rc1 45. d6 Rf8 46. Rg4
Qh3+ 47. Rg3 Qh5+ 48. Ke3 Re1+ 49. Kd3 Qd1+ 50. Kc4 Qxd4+ 51. Kxd4 Bb6+ 52. Kd5
Bxf2 $19) 39... gxf5 40. d5 Rc3 $19 41. d6 Rxb3 $6 ({Topalov could have won
immediately:} 41... g5 $1 42. fxg5 (42. hxg5 Rxg3+ 43. Kxg3 Qe3+ 44. Rf3 (44.
Kg2 Qh3+ 45. Kg1 Qh1#) 44... Qxd2 $19) 42... Bxg5 $1 43. hxg5 Rxg3+ 44. Kxg3
Qe3+ 45. Rf3 Qxg5+ 46. Kf2 Qxd2+ 47. Kg3 Qh2#) 42. Rfe2 $2 {Black's position
is winning, but Morozevich could try the last chance to save the game} (42. Qd4
$5 Qxd4 43. Rxd4 Bb6 44. Rdd2 Bxf2 45. Kxf2 Rb4 $1 (45... Kb6 $2 46. e6 Rb4 $8
(46... Rc3 $2 47. d7 Rc7 48. g4 $1 fxg4 49. f5 Kc6 50. h5 b5 51. d8=Q Rxd8 52.
Rxd8 Re7 53. h6 gxh6 54. Kg3 b4 55. Kxg4 a5 56. Rd1 b3 57. Kf4 a4 58. Ke5 b2
59. f6 $18) 47. d7 Re4 48. d8=Q+ Rxd8 49. Rxd8 Rxe6 50. Rd5 g6 (50... Rf6 51.
h5 a5 52. Ke3 a4 53. Kd2 Kc6 54. Re5 b5 55. Kc3 $11) 51. h5 gxh5 52. Rxf5 {
The position seems to be drawish. For example} a5 53. Rxh5 a4 54. g4 Re8 55. f5
a3 56. f6 Ra8 57. Rh1 a2 58. f7 (58. g5 $5 Ra5 $1 59. Ra1 Rxg5 60. Rxa2 Rf5+
61. Ke3 Rxf6 62. Kd4 $11) 58... Rf8 59. Ra1 Rxf7+ 60. Kg3 $11) 46. e6 Re4 47.
e7 Kb6 48. h5 $5 (48. d7 Rxe7 49. d8=Q+ Rxd8 50. Rxd8 a5 51. Rd5 a4 52. Rxf5 a3
53. Rd5 a2 54. Rd1 Re8 $19) 48... a5 49. Kf3 Kc6 50. h6 gxh6 51. g4 Re6 52. d7
fxg4+ 53. Kxg4 Rxe7 54. d8=Q Rxd8 55. Rxd8 b5 $19) 42... Rxg3+ $1 43. Kxg3 Qg1+
44. Kf3 Bb6 0-1

[Event "Beijing FIDE GP"]
[Site "Beijing"]
[Date "2013.07.12"]
[Round "8"]
[White "Karjakin, Sergey"]
[Black "Topalov, Veselin"]
[Result "0-1"]
[WhiteElo "2776"]
[BlackElo "2767"]
[Annotator "Szabo,Kr"]
[PlyCount "104"]
[EventDate "2013.07.04"]
[EventType "tourn"]
[EventRounds "11"]
[EventCountry "CHN"]
[EventCategory "21"]
[SourceTitle "CBM 156"]
[Source "ChessBase"]
[SourceDate "2013.09.17"]
[SourceVersion "1"]
[SourceVersionDate "2013.09.17"]
[SourceQuality "1"]

1. e4 c5 2. Nf3 e6 3. d4 cxd4 4. Nxd4 Nc6 5. Nc3 Qc7 6. Be3 a6 7. Qd2 Nf6 8.
O-O-O Be7 (8... Bb4 {is the other main line.}) 9. f3 b5 (9... O-O {was more
common, but nowadays the text move has become popular.}) 10. g4 Nxd4 {Black's
plan is developing the queenside quickly and waiting for both sides to castle.}
11. Bxd4 (11. Qxd4 {has also been tried} Bb7 12. g5 Nh5 13. Kb1 (13. a3 Rc8 14.
Kb1 Bc5 15. Qd2 Bxe3 16. Qxe3 {(Eliseev-Grachev, Yekaterinburg 2013)} O-O {
and thanks to the weak f4-square Black has a comfortable position.}) (13. Bh3
Rc8 $1 14. Qd2 ({The tempting} 14. Bg4 {can be met by} b4 $1 15. Bxh5 bxc3 16.
Qxg7 cxb2+ 17. Kxb2 Rf8 $13 {and Black has a nice counterplay for the P.})
14... b4 15. Na4 d5 $5 {was more promising.} (15... Bc6 16. Nb6 Rb8 17. Bg4
Rxb6 18. Bxb6 Qxb6 19. Bxh5 Qa5 20. Kb1 Qxg5 21. Qxg5 Bxg5 $44 {with some
compensation, Robson-Wang Yue, Ningbo rapid 2013.})) 13... Rc8 14. Qd2 g6 15.
Bh3 b4 16. Ne2 d5 17. e5 O-O 18. Bd4 a5 (18... Bxg5 $5 {leads to a forced and
unclear line} 19. Qxg5 Qxc2+ 20. Ka1 Qxe2 21. Bg4 Ng7 22. Qh6 Rc4 $13) 19. Bg4
Ng7 20. h4 a4 21. Nc1 Ba6 22. h5 {and suddenly White's attack is faster} a3 23.
Qh2 gxh5 24. Rd2 Bxg5 25. f4 Bd8 26. Bxh5 $18 {with a winning attack, Z.
Almasi-Inarkiev, Havana 2013.}) 11... Bb7 (11... b4 12. Ne2 Bb7 13. Ng3 ({
in case of} 13. g5 Nxe4 $1 {a typical strong sacrifice} 14. fxe4 Bxe4 15. Rg1 (
15. Ng3 $2 {is bad because of} Bxg5 $19 {and mate on c2!}) 15... e5 16. Bf2 Rc8
17. c3 d5 $36 {with a strong initiative.}) 13... O-O 14. Kb1 Rfc8 $13 {Alsina
Leal-Inarkiev, Barcelona 2010.} (14... d5 $5 $13)) 12. Qf2 (12. g5 {was also
tried by Dominguez} Nh5 13. Bd3 O-O 14. Ne2 e5 15. Be3 g6 16. Ng3 Nf4 17. h4
Rac8 18. Bxf4 exf4 19. Ne2 d5 $132 {with a double-edged fight, Dominguez
Perez-Potkin, Havana 2012.}) 12... O-O 13. Bd3 $146 {The first novelty.} (13.
Bb6 Qb8 (13... Qc6 {also looks interesting} 14. g5 Nh5 15. Be3 b4 16. Ne2 {
similar to the game.}) 14. g5 Nh5 15. Be3 ({First the computer suggests} 15.
Rxd7 {, but in human terms in my view, it is too risky in a practical game.}
Bxg5+ 16. Kb1 b4 17. Ne2 Bc6 18. Rd1 Rc8 $132) 15... Bc6 16. Ne2 b4 17. Nd4 Bb7
18. Kb1 {is the typical reaction.} (18. Bc4 $6 a5 {and Black looks nicely
placed, Sanal-Potkin, Nakhchivan 2013.})) 13... Rac8 (13... b4 14. Na4 d5 15.
e5 Nd7 16. f4 {similar to the French Defence Steinitz opening.Variation}) 14.
Ne2 $6 {A logical plan, Karjakin wants to transfer his N to g3. On the other
hand, this manouvre also means leaving the equally important queenside.} (14.
Kb1 {was an alternative} b4 15. Na4 d5 16. e5 Ne4 17. Qe3 (17. fxe4 $6 dxe4)
17... Nc5 18. Nxc5 Bxc5 19. f4 Bxd4 20. Qxd4 Qc5 21. Qxc5 Rxc5 {with about an
equal endgame.}) 14... d6 (14... d5 15. e5 Ne4 (15... Nd7 {is also possible}
16. f4 Nc5) 16. Qe3 b4 $5 (16... Nc5 17. Kb1 Nxd3 18. Qxd3) 17. fxe4 dxe4 18.
Bxe4 Bg5 $1 19. Nf4 Bxe4 20. Qxe4 Qc6 ({or} 20... Bxf4+ 21. Kb1 Bg5) 21. Qxc6
Bxf4+ 22. Kb1 Rxc6 {with an interesting endgame.}) 15. Ng3 Nd7 16. Rhe1 (16. f4
Nc5 17. Kb1 e5 18. Be3 Bh4 $15) 16... Nc5 17. Kb1 Rfd8 18. b3 e5 19. Bb2 Bh4 $1
20. Rg1 g6 21. Qe3 f6 $1 22. f4 exf4 23. Qxf4 d5 {Topalov chooses the human
way. He wants to liquidate to a slightly better endgame.} ({Engines suggest} 
23... Nxd3 24. cxd3 Qc2+ 25. Ka1 Qxh2 26. Rh1 Qxg3 27. Qh6 Rc2 28. Rxh4 Rd7 29.
Rhh1 Qg2 30. Rb1 {should be good for Black, but White's attack also looks
dangerous in a practical game!}) 24. Qxc7 Rxc7 $15 25. Rgf1 (25. e5 Nxd3 26.
Rxd3 fxe5 27. Bxe5 Rf7 $15) 25... d4 $1 {Black fixes the centre and closes the
long diagonal.} 26. Rf3 $6 (26. Ne2 Rcd7 (26... Nxe4 27. Nxd4) 27. Nf4 Nxe4 $15
) 26... Re7 27. Ba3 Re5 28. Bxc5 {The e4 P was very weak, so Karjakin had to
give up his important B.} Rxc5 29. c4 bxc4 30. Bxc4+ Kg7 31. Kb2 Rg5 (31... Bc8
32. h3 Re5 $15) 32. h3 h5 33. Ne2 hxg4 34. hxg4 Rxg4 35. Nxd4 Kh7 $1 $17 {
A good cool-blooded move, which avoids the threats of N moves.} 36. Rh3 g5 37.
Kc3 $6 {Not a very precise move, but White's position was already difficult.} (
37. Be6 Rg2+ 38. Kc3 Bxe4 39. Re1 Bg6 40. Nf5 $15 {with a little counterplay.})
37... Bxe4 38. Bxa6 f5 (38... Kg6 $19) 39. Bd3 Kg6 40. Nf3 Bg3 $19 {Black has
a winning position. The rest is easy.} 41. Be2 Rc8+ 42. Kd2 Rc2+ 43. Ke3 Rc3+
44. Bd3 Bxd3 45. Rxd3 Bf4+ 46. Ke2 Rg2+ 47. Kf1 Rxd3 48. Kxg2 Rd8 49. Ne1 Rd2+
50. Kf1 g4 51. Rc3 Rxa2 52. Nd3 Kg5 {A nice win by Topalov.} 0-1

[Event "EU-chT (Men) 19th"]
[Site "Warsaw"]
[Date "2013.11.16"]
[Round "8.11"]
[White "Grandelius, Nils"]
[Black "Topalov, Veselin"]
[Result "0-1"]
[WhiteElo "2557"]
[BlackElo "2774"]
[PlyCount "108"]
[EventDate "2013.11.08"]
[EventType "team-swiss"]
[EventRounds "9"]
[EventCountry "POL"]
[SourceTitle "CBM 158"]
[Source "ChessBase"]
[SourceDate "2014.01.16"]
[SourceVersion "1"]
[SourceVersionDate "2014.01.16"]
[SourceQuality "1"]
[WhiteTeam "Sweden"]
[BlackTeam "Bulgaria"]
[WhiteTeamCountry "SWE"]
[BlackTeamCountry "BUL"]

1. d4 Nf6 2. c4 e6 3. Nf3 d5 4. Nc3 Bb4 5. Qb3 a5 6. Bg5 c6 7. e3 Nbd7 8. a3
Be7 9. Be2 h6 10. Bh4 O-O 11. O-O Ne4 12. Bxe7 Qxe7 13. Qc2 f5 14. Rab1 Nd6 15.
Nd2 f4 16. Bd3 dxc4 17. Nxc4 f3 18. gxf3 Rxf3 19. Nxd6 Qxd6 20. Ne4 Qe7 21. Be2
Rh3 22. Ng3 Qh4 23. Bc4 Nb6 24. Nf5 Qg4+ 25. Ng3 Bd7 26. f3 Rxg3+ 27. hxg3
Qxg3+ 28. Kh1 Qh3+ 29. Kg1 Qg3+ 30. Kh1 Qh4+ 31. Kg1 Qg5+ 32. Kf2 Rf8 33. Ke2
Qf6 34. Rf2 Be8 35. Qb3 Nxc4 36. Qxc4 Bh5 37. Rbf1 Qg6 38. Kd2 Rf5 39. e4 Rb5
40. Kc1 Kh8 41. Rd2 Qf6 42. Rd3 Qg5+ 43. Rd2 Qf4 44. Rff2 Rg5 45. Qb3 a4 46.
Qxb7 Bxf3 47. Qc8+ Kh7 48. Rxf3 Qxf3 49. Qxe6 c5 50. dxc5 Qf1+ 51. Rd1 Rxc5+
52. Kd2 Qf2+ 53. Kd3 Qc2+ 54. Kd4 Rg5 0-1

[Event "Olympiad-41"]
[Site "Tromsoe"]
[Date "2014.08.11"]
[Round "9.1"]
[White "Topalov, Veselin"]
[Black "Dominguez Perez, Leinier"]
[Result "1-0"]
[WhiteElo "2772"]
[BlackElo "2760"]
[Annotator "Szabo,Kr"]
[PlyCount "93"]
[EventDate "2014.08.02"]
[EventType "team-swiss"]
[EventRounds "11"]
[EventCountry "NOR"]
[SourceTitle "CBM 162"]
[Source "ChessBase"]
[SourceDate "2014.09.17"]
[SourceVersion "1"]
[SourceVersionDate "2014.09.17"]
[SourceQuality "1"]
[WhiteTeam "Bulgaria"]
[BlackTeam "Cuba"]
[WhiteTeamCountry "BUL"]
[BlackTeamCountry "CUB"]

1. Nf3 c5 2. e4 d6 3. d4 cxd4 4. Nxd4 Nf6 5. Nc3 a6 6. Be3 Ng4 7. Bc1 Nf6 8. f3
e5 9. Nb3 Be6 10. Be3 h5 {This line is one of the favourite weapons of
Dominguez.} 11. Qd2 Nbd7 12. Nd5 Bxd5 13. exd5 g6 14. Be2 Qc7 15. Rc1 $1 {
A deep move by Topalov. This is more accurate than 15.c4. White avoids 15...
Nb6, because he can answer that with 16.c4 and the b6 N becomes very passive.}
(15. c4 {could have been met by} a5 {.}) 15... Ng8 $5 {At first sight this is
a strange move, but Black prepares for Bh6 to exchange the dark squared B.} ({
Now} 15... a5 $6 {is dubious, as} 16. a4 $1 $14 {and the b5 square is weak.}) (
{Three month previously, Dominguez played} 15... Bg7 16. O-O O-O 17. c4 b6 18.
Na1 Kh7 19. h3 Ng8 20. g4 Qd8 21. gxh5 Qh4 $1 22. hxg6+ fxg6 $44 {with nice
compensation, So-Dominguez Perez, Havana 2014.}) 16. O-O $146 {The first new
move in the game.} (16. c4 Bh6 17. f4 Ne7 (17... exf4 $5 {was also interesting}
18. Bxf4 Bxf4 19. Qxf4 Qb6 $13 {with an unclear middlegame.}) 18. fxe5 Bxe3 19.
Qxe3 Nxe5 20. O-O Nf5 21. Qd2 (21. Rxf5 $5 gxf5 22. c5 $44) 21... b6 $13 {
and Black was active, Mista-Yilmaz, Germany 2014.}) 16... Ne7 ({After the
logical} 16... Bh6 {White can continue with} 17. f4 $36 {and it isn't so easy
for Black to finish his development.}) 17. Bg5 $1 {This is a provocative move
and White avoids Nf5.} f6 ({In the event of} 17... Bg7 18. Kh1 {and Black has
to weaken his position, otherwise he can't castle.}) 18. Be3 O-O-O $1 {An
unexpected, but a great decision. Suddenly Black castles on the queenside,
which is very rare in this type of Najdorf.} ({In the event of} 18... Bg7 $6
19. c4 b6 (19... O-O 20. c5 $1 $36) 20. c5 $1 {What a brilliant break-through!}
bxc5 21. Nxc5 $1 Nxc5 (21... dxc5 22. d6 $18 {with a decisive attack.}) 22. b4
$36 {and Black is in trouble.}) 19. c4 Nf5 20. Bf2 $1 {A brave decision,
Topalov simply sacrifices an exchange.} Kb8 ({After capture the sacrifice with
} 20... Bh6 21. Qb4 Bxc1 22. Rxc1 Kb8 23. Na5 {and White has some compensation
for the exchange.}) 21. Qc3 Bh6 22. Rcd1 Nc5 23. Nd2 (23. Na5 $5 {was an
interesting option,} Be3 (23... Ne3 $2 {is losing, because of the brilliant}
24. b4 $3 Nxd1 25. Rxd1 Nd7 26. c5 $18 {and White has an overwhelming attack!})
(23... Nd4 24. Rfe1 {and White is threatening with b4.}) 24. Bxe3 Nxe3 25. Nc6+
$1 {An important intermediate move!} bxc6 26. Qxe3 $36 {and White has some
initiative.}) 23... Nd4 24. Rfe1 ({Of course} 24. Bxd4 $2 {is bad, as} exd4 25.
Qxd4 $2 Rhe8 $19 {and Black is winning.}) 24... a5 {Black simply prevents b4.}
25. Bf1 f5 ({The engine suggests} 25... Na4 $5 26. Qc1 Nc5 {and it is not so
easy to continue the attack with White.}) 26. Nb3 $1 {A nice move. White has
some space disadvantage, so it is good to exchange Black's unpleasant N.} Ndxb3
27. axb3 e4 $6 {An ambitious reply, but it is not the best.} ({The solid} 27...
Qb6 {was better to avoid b4 and the b3 P is under pressure too.} 28. Ra1 Qb4
29. Qxb4 axb4 30. Bxc5 dxc5 31. Rxe5 Rhe8 $44 {and Black has some compensation
for the P.}) 28. b4 $1 {White immediately grabs the initiative.} axb4 29. Qxb4
Rhe8 (29... exf3 30. gxf3 $16 {is not dangerous for White, his K is safe.}) 30.
fxe4 (30. Qc3 $5 {was also strong.}) 30... fxe4 (30... Rxe4 31. Ra1 $16) 31.
Bd4 e3 $6 {This P will be weaker.} (31... Bg7 32. Be3 Be5 33. Qa3 $1 $16 {
followed by b4 and White is better.}) 32. Qa3 {Prepares for b4.} Re4 33. b4 Na6
34. Be2 $1 $18 {Topalov is playing very strong moves. Now he is threatening
with Bf3. White's position is already winning.} Bg5 35. Bf3 Rxd4 36. Rxd4 Qb6
37. Re4 Qxb4 38. Qxb4 Nxb4 39. h4 Bh6 40. Rd1 (40. Rb1 $18 {was more simple.})
40... Rc8 41. c5 dxc5 42. d6 Nc6 43. Rb1 Rd8 44. Re7 $1 Nxe7 45. dxe7 Re8 46.
Rxb7+ Kc8 47. Bc6 {A great victory by Topalov!} 1-0